000 00746nam a2200241Ia 4500
005 20220709105733.0
008 131103s9999 xx 000 0 und d
020 _a812218914
_cRs 915
040 _aLoreto College
041 _aEnglish
082 _a306.84
_bCON
245 _aCross-border marriages
_b Gender and mobility in transnational Asia
_cEdited by Nicole Constable
260 _aPhiladelphia
_bUniversity of Pennsylvania Press
_c2005
300 _avi,220p
504 _aIncludes bibliographical references and index
630 _aAsian Women
630 _aIntercountry marriage - Asia
650 _aSocial Mobility
651 _aIntercountry marriage
700 _aConstable, Nicole,
_4ed.
850 _aLCLIB
942 _cBK
999 _c20194
_d70673